000 00917nam a2200265 i 4500
001 8291
003 ES-MaACL
005 20250816062524.0
007 t|
008 920429s1991 sp ||||1| spa d
020 _a84-297-3244-6
080 _a4.01
100 1 _aHumboldt, Wilhelm von.
_964716
245 1 0 _aEscritos sobre el lenguaje /
_cWilhelm von Humboldt ; edición y traducción de Andrés Sánchez Pascual ; prólogo de José María Valverde.
250 _a[1ª ed.].
260 _aBarcelona :
_bPenínsula,
_c1991.
300 _a163 p. ;
_c20 cm.
490 1 _aHistoria, ciencia, sociedad ;
_v225
650 4 _aLenguaje-
_xFilosofía.
_914344
700 1 _aSánchez Pascual, Andrés.
_9102833
700 1 _aValverde, José María,
_d1926-1996
_9113013
830 0 0 _aHistoria, ciencia, sociedad (Península)
_v225
_9177444
852 _aES-MaACL
_jL-15742
_bR.120095
999 _c8291
_d8291